000 00317nam a2200133Ia 4500
008 230917s9999||||xx |||||||||||||| ||und||
040 _e100759
_aMAIN
041 _aEnglish
082 _a327.51 R492R
245 0 _aRise of China
260 _aNew York
_bForeign Affairs
_c2002
300 _axiv, 134 p.
942 _cBK
999 _c109711
_d109711